Disney mal résumé #7 - Statistiques

Statistiques générales
  • Ce quiz a été pris 213 fois
  • Le résultat moyen est 3 sur 15
Statistiques - réponses
Hint Réponse % Correct
C'est l'histoire d'une radine qui préfère ne rien dépenser en crème de beauté, ni en coiffeur Raiponce
75%
C'est l'histoire d'une orpheline qui doit vraiment galérer quand elle va chez le cordonnier Cendrillon
62%
C'est l'histoire du futur de l'humanité, vu par un éboueur Wall-E
47%
C'est l'histoire d'un roi qui vole une partie de l'âme de son peuple mais sera arrêté grâce à des enfants et sa femme Wish
31%
C'est l'histoire d'un vieux mec qui va donner des leçons à l'un des enfants les plus importants du pays Merlin l'enchanteur
22%
Il y a des papillons, des baleines, un ouvrier, un soldat, un flamand rose, un balai, une arche et un oiseau enflammé Fantasia 2000
16%
C'est l'histoire d'un road trip familial, avec un père à moitié absent et une mère à la bourre En avant
14%
C'est l'histoire de l'amitié entre 2 potes qui doivent réussir leur études Monstres Academy
12%
C'est l'histoire d'une actrice raté qui doit vivre avec un mec plus jeune qui la drague, une superficielle, une casse-cou, un feignant et un lézard Jessie
5%
Ce film raconte ce qui s'est passé pendant Noël dans un château enchanté La Belle et la Bête 2 : Le Noël enchanté
4%
C'est l'histoire d'une princesse amoureuse d'un mec que son père déteste à cause de sa famille Le Roi lion 2 : L'Honneur de la tribu
3%
C'est l'histoire d'une fille sceptique qui va devoir croire aux histoires de sa mère Peter Pan 2 : Retour au Pays imaginaire
2%
C'est l'histoire d'une surexcitée qui doit quitter son pays pour s'améliorer tout en fuyant un poussin Star Butterfly
2%
C'est l'histoire de l'amie d'une héroïne connue qui va faire joujou avec un outil de protection incompris Clochette et la Créature légendaire
1%
C'est l'histoire d'un chien qui sait faire plein de chose, qui le raconte au monde entier, mais dont les maîtres ne voient jamais rien Doggyblog
0%
Aucun quiz correspondant
Distribution des résultats
% des personnes avec chaque résultat
Percentile par nombre de réponses
Votre historique - résultats
Vous n’avez pas pris ce quiz